Úvod do problematiky centier zdieľaných služieb
Zdieľané služby a centrá zdieľaných služieb (Shared Service Centres, SSCs), ich definovanie od viacerých autorov a demonštrovanie na konkrétnom príklade prostredníctvom prípadovej štúdie. Charakterizácia SSCs pôsobiacich na Slovensku, s definovaním ich základných znakov na základe využitia matematic...
Enregistré dans:
| Auteur principal: | |
|---|---|
| Format: | Chapitre de livre |
| Langue: | slovaque |
| Sujets: | |
| Tags: |
Pas de tags, Soyez le premier à ajouter un tag!
|
MARC
| LEADER | 00000naa$a2200000$$$4500 | ||
|---|---|---|---|
| 001 | 0281311 | ||
| 005 | 20240502074356.9 | ||
| 041 | 0 | |a slo | |
| 044 | |a SK | ||
| 245 | 1 | 0 | |a Úvod do problematiky centier zdieľaných služieb |c Dagmar Grachová |
| 520 | |a Zdieľané služby a centrá zdieľaných služieb (Shared Service Centres, SSCs), ich definovanie od viacerých autorov a demonštrovanie na konkrétnom príklade prostredníctvom prípadovej štúdie. Charakterizácia SSCs pôsobiacich na Slovensku, s definovaním ich základných znakov na základe využitia matematicko-štatistickej metódy a interpretáciou údajov prostredníctvom grafov. Podiel zahraničných regiónov na SSCs v SR. Zahraniční investori vo forme SSC prítomní na Slovensku a oblasti ich pôsobenia: účtovníctvo a financie, IT sektor, ostatné obchodné služby, predaj a marketing, zákaznícke služby, obstarávanie, vývoj informačno-komunikačných technológií a služby v oblasti ľudských zdrojov, s priblížením firiem ako AT&T, DELL, IBM a COVESTRO. | ||
| 610 | 2 | 0 | |a ekonomika zdieľaná |
| 610 | 2 | 0 | |a služby zdieľané |
| 610 | 2 | 0 | |a služby administratívne |
| 610 | 2 | 0 | |a služby účtovnícke |
| 610 | 2 | 0 | |a služby technické |
| 610 | 2 | 0 | |a služby obchodné |
| 610 | 2 | 0 | |a služby zákaznícke |
| 610 | 2 | 0 | |a služby pre podniky |
| 610 | 2 | 0 | |a investície zahraničné |
| 610 | 2 | 0 | |a Slovensko |
| 610 | 2 | 0 | |a SVE |
| 100 | 1 | |a Grachová, Dagmar, 1997- | |